Načítá se...

ഇസ്ലാം ചരിത്രവും നാഗരികതയും /

Podrobná bibliografie
Hlavní autor: നസ്ര, സയ്യിദ് ഹുസൈന്‍
Další autoři: കുഞ്ഞാമു, എ. പി (വിവര്‍ത്തകന്‍.)
Médium: Printed Book
Jazyk:English
Vydáno: കോഴിക്കോട് : 2009.
Vydání:1st ed.
Témata:
LEADER 01007nam a22001937a 4500
008 180528b xxu||||| |||| 00| 0 eng d
999 |c 23310  |d 23310 
082 |a 297.09  |b NAS/KUN 
100 |a നസ്ര, സയ്യിദ് ഹുസൈന്‍ 
240 |a Islam charithravum nagarikathayum / 
245 |a ഇസ്ലാം ചരിത്രവും നാഗരികതയും /  |c സയ്യിദ് ഹുസൈന്‍ നസ്ര 
250 |a 1st ed. 
260 |a കോഴിക്കോട് :  |c 2009. 
300 |a 158p. 
650 |a Islam history 
700 |a കുഞ്ഞാമു, എ. പി.  |e വിവര്‍ത്തകന്‍. 
942 |2 ddc  |c BK 
952 |0 0  |1 0  |2 ddc  |4 0  |6 297_090000000000000_NAS_KUN  |7 0  |9 32026  |a MAIN  |b MAIN  |d 2018-05-28  |e Green books  |g 100.00  |o 297.09 NAS/KUN  |p 31955  |r 2018-05-28  |t 1  |w 2018-05-28  |y BK 
952 |0 0  |1 0  |2 ddc  |4 0  |6 297_090000000000000_NAS_KUN  |7 0  |9 32028  |a MAIN  |b MAIN  |d 2018-05-28  |e Green books  |g 100.00  |o 297.09 NAS/KUN  |p 31956  |r 2018-05-28  |t 2  |w 2018-05-28  |y BK